000 01532cam a22003134a 4500
999 _c8252
_d8252
001 16814583
003 GBCCL
005 20241126110646.0
008 110608s2011 ilu b 001 0 eng
010 _a 2011023120
020 _a9780830839452 (pbk. : alk. paper)
020 _a0830839453 (pbk. : alk. paper)
035 _a(OCoLC)ocn730114590
040 _aDLC
_cDLC
_dYDX
_dYDXCP
_dBWX
_dZID
_dDLC
042 _apcc
050 0 0 _aBT1103
_b.B45 2011
082 0 0 _a239
_223
_bBEI
100 1 _aBeilby, James K.
_914364
245 1 0 _aThinking about Christian apologetics :
_bwhat it is and why we do it /
_cJames Beilby.
260 _aDowners Grove, Ill. :
_bIVP Academic,
_cc2011.
300 _a214 p. ;
_c21 cm.
504 _aIncludes bibliographical references and index.
505 0 _aWhat is Christian apologetics? -- Patristic and medieval apologetics -- Modern and contemporary apologetics -- Varieties of apologetics -- Philosophical objections to apologetics -- Biblical and theological objections to apologetics -- Doing apologetics well.
520 _aMost introductions to apologetics jump right into the "how to" of defending the faith. This book looks at more foundational questions. And if you are interested in defending and commending the faith, Thinking About Christian Apologetics is the place to start.
650 0 _aApologetics.
_985
906 _a7
_bcbc
_corignew
_d1
_eecip
_f20
_gy-gencatlg
942 _2ddc
_cBK
_010